000 01052nas a2200313 4500
001 BR2012002695
003 BR-BrBNA
005 20231205120444.0
007 ta
008 230509b bl.|||p| |||| 00| 00por d
040 _aBR-BrBNA
_bpor
_cBiblioteca Nacional de Agricultura
041 _a(Pt)
072 _aL74
100 1 _aSant'Ana, F.J.F. de
100 1 _aGarcia, E.C.
100 1 _aRabelo, R.E.
100 1 _aFerreira Júnior, C. da S.
100 1 _aFreitas Neto, A.P.
100 1 _aVerdejo, A.C.F.
245 1 _aIntoxicação espontânea por Senna occidentalis em javalis (Sus scrofa ferus)no Estado de Goiás
246 1 _aSpontaneous poisoning by Senna occidentalis in wild boars (Sus scrofa ferus)in Goiás, Brazil
650 _aJAVALI
650 _aANIMAL SELVAGEM
650 _aINTOXICAÇÃO ANIMAL
650 _aPLANTA TÓXICA
773 0 _tPesquisa Veterinária Brasileira (Brazil)
_xISSN 0100-736X
_g(Sep 2011), v. 31(9) p. 702-706
_wBR2012002695
909 _a202311
_bLúcia
_c55
_dLúcia Elande
942 _2AGRIS
_n0
_cANA
999 _c218593
_d218593